000 00368nam a2200145 i 4500
001 bg
100 1 _aPIASECKI, M.B.
245 0 _aFototopografia :
_bpodręcznik dla V klasy Technikum Geodezyjnego /
_cM.B. Piasecki.
250 _aWyd.3.
260 _aWarszawa,
_c1968.
040 _cBPK
041 _apol
942 _cKS
008 s pl f |000 0 pol
999 _c10137
_d10137
856 _uhttp://koha.tu.koszalin.pl/cgi-bin/koha/opac-detail.pl?biblionumber=10137
_yKatalog online BPK